Ghana law of landlord and tenant / (Record no. 398)
[ view plain ]
| 000 -LEADER | |
|---|---|
| fixed length control field | 00612nam a2200205 a 4500 |
| 001 - CONTROL NUMBER | |
| control field | 4891451 |
| 005 - DATE AND TIME OF LATEST TRANSACTION | |
| control field | 20241030173244.0 |
| 008 - FIXED-LENGTH DATA ELEMENTS--GENERAL INFORMATION | |
| fixed length control field | 930524s1993 nyu 001 0 eng |
| 020 ## - INTERNATIONAL STANDARD BOOK NUMBER | |
| International Standard Book Number | 0963690701 |
| 020 ## - INTERNATIONAL STANDARD BOOK NUMBER | |
| International Standard Book Number | 096369071X |
| 050 00 - LIBRARY OF CONGRESS CALL NUMBER | |
| Classification number | KRX689 |
| Item number | .K59 1993 |
| 082 00 - DEWEY DECIMAL CLASSIFICATION NUMBER | |
| Classification number | 346.66704/34 |
| -- | 346.6706434 |
| Edition information | 20 |
| 100 1# - MAIN ENTRY--PERSONAL NAME | |
| Personal name | Kludze, A. K. P. |
| 245 10 - TITLE STATEMENT | |
| Title | Ghana law of landlord and tenant / |
| Statement of responsibility, etc. | by A.K.P. Kludze. |
| 260 ## - PUBLICATION, DISTRIBUTION, ETC. | |
| Place of publication, distribution, etc. | Brooklyn, N.Y.: |
| Name of publisher, distributor, etc. | Lephant Academic Publishers, |
| Date of publication, distribution, etc. | 1993. |
| 300 ## - PHYSICAL DESCRIPTION | |
| Extent | lxxii, 1015 p. ; |
| Dimensions | 30 cm. |
| Other physical details | Index |
| 500 ## - GENERAL NOTE | |
| General note | Includes indexes. |
| 650 #0 - SUBJECT ADDED ENTRY--TOPICAL TERM | |
| Topical term or geographic name entry element | Landlord and tenant |
| Geographic subdivision | Ghana. |
| 942 ## - ADDED ENTRY ELEMENTS (KOHA) | |
| Source of classification or shelving scheme | Library of Congress Classification |
| Koha item type | Books |
| Suppress in OPAC | No |
| 999 ## - | |
| -- | 398 |
| -- | 398 |
| Withdrawn status | Lost status | Source of classification or shelving scheme | Damaged status | Not for loan | Collection | Home library | Current library | Shelving location | Date acquired | Total checkouts | Full call number | Barcode | Date last seen | Copy number | Price effective from | Koha item type |
|---|---|---|---|---|---|---|---|---|---|---|---|---|---|---|---|---|
| Library of Congress Classification | Non-fiction | Law Library (Christ Temple) | Law Library (Christ Temple) | Reference | 05/12/2025 | KRX689.K59 KLU | LLCT00000642 | 05/12/2025 | 1 | 05/12/2025 | Books | |||||
| Library of Congress Classification | Non-fiction | Law Library (Miotso) | Law Library (Miotso) | Reference | 10/30/2024 | KRX689.K59 | llm00000337 | 10/30/2024 | 1 | 10/30/2024 | Books |